Clubes do Porto - Statistics

Estatísticas Gerais
  • Esse quiz foi jogado 46 vezes
  • A pontuação média é 11 de 15
Estatísticas das Respostas
Hint Resposta % Correto
Porto FC Porto
100%
Porto Boavista
92%
Paços de Ferreira Paços de ferreira
92%
Penafiel Penafiel
92%
Felgueiras Felgueiras
87%
Trofa Trofense
85%
Paredes USC Paredes
85%
Amarante Amarante
82%
Vila do Conde Rio Ave
82%
Santo Tirso Tirsense
77%
Paredes/Rebordosa Ac Rebordosa
69%
Marco de canaveses Ac Marco
64%
Povoa Povoa
64%
Porto Salgueiros
46%
Santo Tirso* AVS
21%
Nenhum quiz correspondente encontrado
Distribuição das Pontuações
Porcentagem de Pessoas com Cada Pontuação
Percentil de Números Respondidos
Sua Pontuação Histórica
Você não jogou esse quiz